Why unions matter / (Record no. 142726)

MARC details
000 -LEADER
fixed length control field 00569nam a22001937a 4500
005 - DATE AND TIME OF LATEST TRANSACTION
control field 20170720145722.0
010 ## - LCCN (DPL NO)
LC control number ENG-119365
020 ## - INTERNATIONAL STANDARD BOOK NUMBER
International Standard Book Number 9789350020326
Terms of availability 395.00
035 ## - SYSTEM CONTROL NUMBER
System control number EN-102897
037 ## - SOURCE OF ACQUISITION
Source of stock number/acquisition DBAD/PUB
082 ## - DEWEY DECIMAL CLASSIFICATION NUMBER
Classification number 331.880973
100 ## - MAIN ENTRY--PERSONAL NAME
Personal name Yates, Michael D.
245 ## - TITLE STATEMENT
Title Why unions matter /
Statement of responsibility, etc by, Michael D. Yates
260 ## - PUBLICATION, DISTRIBUTION, ETC. (IMPRINT)
Place of publication, distribution, etc Delhi
Name of publisher, distributor, etc Aakar Books
Date of publication, distribution, etc 2010
270 ## - ADDRESS
Address 28 E Pocket IV, Mayur Vihar Phase I
City Delhi
Postal code 110091
300 ## - PHYSICAL DESCRIPTION
Extent 240p.
Dimensions 22cm.(Hb)
500 ## - GENERAL NOTE
General note Include reference and index
942 ## - ADDED ENTRY ELEMENTS (KOHA)
Source of classification or shelving scheme Dewey Decimal Classification
Item type English Books
Classification part 331.880973
Call number suffix YAT
Holdings
Withdrawn status Lost status Not for loan Collection code Home library Current library Date acquired Source of acquisition Cost, normal purchase price Full call number Barcode Copy number Cost, replacement price Koha item type
      Non-fiction Patel Nagar Patel Nagar 20/07/2017 DBAD/PUB 395.00 331.880973 YAT EN-102897 1 395.00 English Books

© Delhi Public Library
Hit Counter
free hit counter